<?xml version="1.0" encoding="UTF-8"?><?xml-stylesheet type="text/xsl" href="static/style.xsl"?><OAI-PMH xmlns="http://www.openarchives.org/OAI/2.0/" xmlns:xsi="http://www.w3.org/2001/XMLSchema-instance" xsi:schemaLocation="http://www.openarchives.org/OAI/2.0/ http://www.openarchives.org/OAI/2.0/OAI-PMH.xsd"><responseDate>2026-04-13T04:14:51Z</responseDate><request verb="GetRecord" identifier="oai:www.recercat.cat:2117/168584" metadataPrefix="marc">https://recercat.cat/oai/request</request><GetRecord><record><header><identifier>oai:recercat.cat:2117/168584</identifier><datestamp>2025-07-22T16:03:19Z</datestamp><setSpec>com_2072_1033</setSpec><setSpec>col_2072_452951</setSpec></header><metadata><record xmlns="http://www.loc.gov/MARC21/slim" xmlns:dcterms="http://purl.org/dc/terms/" xmlns:xsi="http://www.w3.org/2001/XMLSchema-instance" xmlns:doc="http://www.lyncode.com/xoai" xsi:schemaLocation="http://www.loc.gov/MARC21/slim http://www.loc.gov/standards/marcxml/schema/MARC21slim.xsd">
   <leader>00925njm 22002777a 4500</leader>
   <datafield ind2=" " ind1=" " tag="042">
      <subfield code="a">dc</subfield>
   </datafield>
   <datafield ind2=" " ind1=" " tag="720">
      <subfield code="a">Gort García, Belén</subfield>
      <subfield code="e">author</subfield>
   </datafield>
   <datafield ind2=" " ind1=" " tag="720">
      <subfield code="a">Fernández Fernández, Montserrat</subfield>
      <subfield code="e">author</subfield>
   </datafield>
   <datafield ind2=" " ind1=" " tag="260">
      <subfield code="c">2019-05-16</subfield>
   </datafield>
   <datafield ind2=" " ind1=" " tag="520">
      <subfield code="a">El presente documento hace referencia al Proyecto Final del “Grado en Arquitectura Técnica y&#xd;
Edificación, de las estudiantes Belén Gort García y Montserrat Fernández Fernández de l’Escola&#xd;
Politécnica Superior d’Edificació de Barcelona (UPC).&#xd;
Las naves de estudio son las Cocheras del Tranvía Blau que en sus interiores albergan todo lo&#xd;
relacionado con el funcionamiento de esta línea de transportes, sin embargo en estos momentos el&#xd;
servicio está interrumpido por la degradación de la infraestructura fija, en este momento se&#xd;
desaconseja el transporte de personas. No obstante las cocheras siguen en marcha trabajando en el&#xd;
mantenimiento de los tranvías.&#xd;
Ubicado estratégicamente en la falda de la montaña del Tibidabo, entró en servicio en 1901, un acto&#xd;
que lo convierte en uno de los tranvías más antiguos de Europa, que aún estaban en funcionamiento&#xd;
hasta febrero 2018.&#xd;
De ahí la importancia de que exista una estrategia investigadora sobre el patrimonio con independencia&#xd;
de las intervenciones concretas que en un momento dado deban realizarse. Buscando los medios para&#xd;
su preservación con una buena base y garantías de protección del patrimonio.&#xd;
Por eso el objetivo fundamental del proyecto es el estudio de las Cocheras del tranvía Blau, que se&#xd;
integra en la forma de entender y de hacer en épocas anteriores. Su perdida significaría dejar en el&#xd;
olvido algo que en su momento significo una infraestructura innovadora, motivo por el cual hay que&#xd;
preservarlas para futuras generaciones.</subfield>
   </datafield>
   <datafield tag="653" ind2=" " ind1=" ">
      <subfield code="a">Àrees temàtiques de la UPC::Edificació::Rehabilitació d'edificis</subfield>
   </datafield>
   <datafield tag="653" ind2=" " ind1=" ">
      <subfield code="a">Terminals (Transportation)</subfield>
   </datafield>
   <datafield tag="653" ind2=" " ind1=" ">
      <subfield code="a">Tramvies -- Catalunya -- Barcelona (Àrea metropolitana)</subfield>
   </datafield>
   <datafield tag="653" ind2=" " ind1=" ">
      <subfield code="a">Terminals (Transport) -- Catalunya -- Barcelona</subfield>
   </datafield>
   <datafield ind2="0" ind1="0" tag="245">
      <subfield code="a">Cocheras del tranvía blau, levantamiento, diagnosis y propuesta de intervención</subfield>
   </datafield>
</record></metadata></record></GetRecord></OAI-PMH>